000 00630nam a2200181Ia 4500
008 090124s9999 xx 000 0 und d
082 _b23500
_a549
100 _aनाडकर्णी आनंद.
245 _a मंगल प्रभात (प्रात:स्मरण)
250 _a1
260 _c1982
300 _a32
600 _aनाडकर्णी आनंद.
630 _a मंगल प्रभात (प्रात:स्मरण)
700 _aनाडकर्णी आनंद.
730 _a मंगल प्रभात (प्रात:स्मरण)
942 _cBOOK
999 _c137099
_d137099